02166agaaa2200349 45000010005000000030009000050050017000140070009000310080040000400400023000800410013001031000051001161300037001672400042002042450208002462460035004542500022004892600117005113000034006285080172006625110091008345200333009255380016012585460013012746500062012877000064013497000068014137000063014819420012015449990019015569520241015756906IT-RoPAU20220918181223.0d cvaizq50131s9999||||xx ||| | || ||und|| aIT-RoPAUcIT-RoPAU aITALIANO aLean DavidgCodice regista SPICS: 11248936911 aPONTE SUL FIUME KWAI (IL)936912 aBRIDGE ON THE RIVER KWAY (THE)gT1817 aPONTE SUL FIUME KWAI (IL)cProdotto da: Spiegel Sam -- Sceneggiatura: Boulle Pierre Wilson Michael Foreman Carl -- Diretto da: Lean DavidpPONTE SUL FIUME KWAI (IL) (Rif. Codice opera principale : H6906) aBRIDGE ON THE RIVER KWAY (THE) aEdizione Standard aUSA (UK - USA)bSPIEGEL SAM - HORIZON / Distribuzione: PANORAMAg"1957 (1° ed.: 2006 ; Ed. Lingua Orig.: 1957)" aDVDbsonoro, col.c156 minuti a"Fotografia: Hildyard Jack; Montaggio: Taylor Peter; Musica: Arnold Malcolm; Sceneggiatura: Boulle Pierre Wilson Michael Foreman Carl; Scenografia: Ashton Donald M.; " a"Holden William; Guinnes Alec; Hawkins Jack; Hayakawa Sessue; Donald James; Sears Ann" a"STORIA EPICA DELLA COSTRUZIONE DEL PONTE SUL FIUME KWAI DA PARTE DI UN GRUPPO DI PRIGIONIERI INGLESI COMANDATI DAL COL. NICHOLSON E DELLA GRANDE AVVENTURA DEL COMMANDO ALLEATO MANDATO PER DISTRUGGERLO, IL GIORNO DELL'INAUGURAZIONE. VINCITORE DI 7 PREMI OSCAR. VITA IN U CAMPO DI CONCENTRAMENTO GIAPPONESE; OSTINAZIONE INGLESE." aPAL, STEREO aITALIANO aGUERRAeDVD-FILM [DVD]xCodice MATERIA SPICS: 9947936913 aArnold Malcolme(musica)gCodice Musica SPICS: 13893936914 aBoulle Pierre e(soggetto)gCodice Soggetto SPICS: 30928936915 aLean David e(regista)gCodice regista SPICS: 11248936916 cDV2ddc c104651d104651 0010406H_6906_00000000000000071aSPICSbSPICSd2015-01-31l0oH6906r2015-01-31 00:00:00w2015-01-31yDVzProgr. Ins.: 3494 / N.Vol.:1 / Copie: 1 / Pag.:0 / Copia rara: n.d. / date import: 1.2.2015 / By Epidotti, Trombetti, Vaglietti